Technologická náročnosť vybraných odvetví Slovenskej republiky

Analýza štruktúry ekonomiky Slovenskej republiky z pohľadu technologickej náročnosti odvetví spracovateľského priemyslu a poznatkovej náročnosti služieb. Štruktúra ekonomiky Slovenska je porovnaná s vyspelými krajinami Európskej únie ako aj s krajinami strednej a východnej Európy. Na Slovensku majú...

Descrizione completa

Salvato in:
Dettagli Bibliografici
Autore principale: Lábaj, Martin, 1982-
Natura: Capitolo di libro
Lingua:slovacco
Soggetti:
Tags: Aggiungi Tag
Nessun Tag, puoi essere il primo ad aggiungerne!!

MARC

LEADER 00000nla a2200000 4500
001 0169736
005 20240502072935.7
041 0 |a slo 
044 |a SK 
245 1 0 |a Technologická náročnosť vybraných odvetví Slovenskej republiky  |c Martin Lábaj 
520 |a Analýza štruktúry ekonomiky Slovenskej republiky z pohľadu technologickej náročnosti odvetví spracovateľského priemyslu a poznatkovej náročnosti služieb. Štruktúra ekonomiky Slovenska je porovnaná s vyspelými krajinami Európskej únie ako aj s krajinami strednej a východnej Európy. Na Slovensku majú vysoký podiel stredne vysoké technológie najmä vďaka automobilovému priemyslu, pričom poznatkovo náročné služby sú zastúpené najmä cez telekomunikačné služby. 
610 2 0 |a priemysel spracovateľský 
610 2 0 |a služby 
610 2 0 |a technológia výroby 
610 2 0 |a úroveň výroby technická 
100 1 |a Lábaj, Martin, 1982-